Conflitti violenza pace: sfida alle religioni / Sessione di formazione ecumenica

محفوظ في:
التفاصيل البيبلوغرافية
مؤلف مشترك: Atti della Sessione di formazione ecumenica (XXXVII 2000. luglio 22-29. 2000 : Chianciano Terme
التنسيق: وقائع المؤتمر كتاب
الموضوعات:
الوسوم: إضافة وسم
لا توجد وسوم, كن أول من يضع وسما على هذه التسجيلة!

MARC

LEADER 00000nam^a2200000^u^4500
001 000553117
005 20250521000000.0
008 060220s1000^^^^^^^^^^^^r^^^^^000^0^spa^d
009 20260310131629.904
022 |a 8876109153 
035 |a FMI 000022909 
037 |a Acervo Xavier Clavigero 
096 |a 5.4.1/27/A 
111 |a Atti della Sessione di formazione ecumenica (XXXVII 2000. luglio 22-29. 2000 : Chianciano Terme 
245 1 0 |a Conflitti violenza pace: sfida alle religioni / Sessione di formazione ecumenica 
264 |a Milán : Áncora, 2001 
300 |a 252 p. 
336 |a texto  |b txt  |2 rdacontenido 
337 |a sin mediación  |b n  |2 rdamedio 
338 |a volumen  |b nc  |2 rdasoporte 
649 |a XX 
650 |a Ecumenismo 
910 |a Fondo Francisco Migoya Covarrubias S.J. 
920 |a Impresos - Libros 
930 |a Fondos Especiales 
905 |a 134 
901 |a SBC30342  |b IT2  |c ESP  |u 20250521 
902 |a https://opac.biblio.iteso.mx/vufind/Record/000553117